000 00601nam a22002297a 4500
003 UA-OsUOA
001 48412
007 ta
008 20070906b un ||||| |||| 00| 0 ukr d
100 _aЗагоскин М.Н.
090 _a821,161,1
_bЗ-14
942 _cBK
040 _aUA-OsUOA
_brus
_cUA-OsUOA
_dUA-OsUOA
245 _aРославлев, или Русские в 1812 году
300 _a397 с.
955 _a2
041 _arus
080 _a821,161,1
260 _aМ.
_c1986
650 7 _a82 Література. Літературознавство
_2UDC
999 _c334515
_d334515